Catálogo

APUNTES DE HIDRAULICA. (Registro nro. 20238)

Detalles MARC
000 -LEADER
fixed length control field 00430nam a2200157 a 4500
001 - CONTROL NUMBER
control field 20238
005 - DATE AND TIME OF LATEST TRANSACTION
control field 20180713213806.0
008 - FIXED-LENGTH DATA ELEMENTS--GENERAL INFORMATION
fixed length control field 140415s 000 0 spa d
041 ## - LANGUAGE CODE
Language code of text/sound track or separate title spa
082 ## - DEWEY DECIMAL CLASSIFICATION NUMBER
Classification number 627
Item number OST
100 1# - MAIN ENTRY--PERSONAL NAME
Personal name OSTOS, JAVIER J.
245 10 - TITLE STATEMENT
Title APUNTES DE HIDRAULICA.
260 ## - PUBLICATION, DISTRIBUTION, ETC.
Place of publication, distribution, etc. [s.l.] :
Name of publisher, distributor, etc. ESTUDIOS GEOGRAFICOS Y CLIMATOLOGICOS,.
300 ## - PHYSICAL DESCRIPTION
Extent 454.
650 14 - SUBJECT ADDED ENTRY--TOPICAL TERM
Topical term or geographic name entry element HIDRAULICA
General subdivision INGENIERIA HIDRAULICA
Existencias
Withdrawn status Lost status Source of classification or shelving scheme Damaged status Not for loan Collection code Home library Current library Shelving location Date acquired Source of acquisition Inventory number Total Checkouts Full call number Barcode Date last seen Date last checked out Price effective from Koha item type
    Dewey Decimal Classification     General Biblioteca Karol Wojtyla Biblioteca Karol Wojtyla Sala general 03/12/2013 Compra 151000000000000000012073   627 OST 39975 05/01/2026 18/09/2014 03/12/2013 Libro